00836nam a22002417a 4500003000500000005001700005008004100022010000700063011000900070035000800079040000900087100002000096245009000116260008500206300001000291490001600301500011100317650004800428650003800476650002600514650003800540830001600578CHAP20220817040753.0971010s1976 r 00010 d a47 a1019 a193 cCHAP00aWarman, Arturo.10aConcepto y metodología de los trabajos de campo universitariosc/ por Arturo Warman aChapingo, Méx. :bUACH. Departamento de Asistencia Agrícola y Agraria,c1976 a32 p. aDasayav; 2 aPonencia presentada en la Mesa Redonda sobre Trabajos de Campo Universitario (1 : 1976 : Chapingo, Méx.)14aDesarrollo de la comunidad ruralzMéxico.14aEducación agrícolazMéxico.14aEducación superior.14aExtensión agrícolaxMéxico.0 aDasayav; 2